000 00485nam a2200157Ia 4500
008 220216s9999 xx 000 0 und d
100 _aHsu Wan-Jean
245 0 _aEffect of 2-(3,4-dichlorophenoxy)triethylamine on guayule (Parthenium argentatum) cell suspension cultures
260 _bJournal of agricultural and food chemistry
_c1992
300 _a924-926
500 _aSource Year: 1992
650 _aParthenium argentatum
700 _aMendoza K
856 _uBA
942 _cJS
999 _c57664
_d57664